טוען...

Thiruvithamkotte Ezhavar

מידע ביבליוגרפי
מחבר ראשי: Palpu P
פורמט: Printed Book
שפה:Undetermined
יצא לאור: Trivandrum: Advocate R. Sankaran, 1988
נושאים:
LEADER 00488nam a2200157Ia 4500
008 200110s9999||||xx |||||||||||||| ||und||
080 |a 309.5483  |b PAL-T 
100 |a Palpu P  
245 0 |a Thiruvithamkotte Ezhavar 
260 |a Trivandrum:  |b Advocate R. Sankaran,   |c 1988 
300 |a 104 p.  |f PB 
500 |a General 
650 |a Kerala  
942 |c BK 
999 |c 255555  |d 255555 
952 |0 0  |1 0  |4 0  |6 309_548300000000000_PALT  |7 0  |9 271480  |a SOC  |b SOC  |l 0  |o 309.5483 PAL-T  |p SOC5206  |r 2020-01-14  |w 2020-01-14  |y BK